<?xml version="1.0" encoding="UTF-8"?><?xml-stylesheet type="text/xsl" href="static/style.xsl"?><OAI-PMH xmlns="http://www.openarchives.org/OAI/2.0/" xmlns:xsi="http://www.w3.org/2001/XMLSchema-instance" xsi:schemaLocation="http://www.openarchives.org/OAI/2.0/ http://www.openarchives.org/OAI/2.0/OAI-PMH.xsd"><responseDate>2026-04-13T03:57:06Z</responseDate><request verb="GetRecord" identifier="oai:www.recercat.cat:2117/87485" metadataPrefix="marc">https://recercat.cat/oai/request</request><GetRecord><record><header><identifier>oai:recercat.cat:2117/87485</identifier><datestamp>2025-07-22T15:50:35Z</datestamp><setSpec>com_2072_1033</setSpec><setSpec>col_2072_452951</setSpec></header><metadata><record xmlns="http://www.loc.gov/MARC21/slim" xmlns:dcterms="http://purl.org/dc/terms/" xmlns:xsi="http://www.w3.org/2001/XMLSchema-instance" xmlns:doc="http://www.lyncode.com/xoai" xsi:schemaLocation="http://www.loc.gov/MARC21/slim http://www.loc.gov/standards/marcxml/schema/MARC21slim.xsd">
   <leader>00925njm 22002777a 4500</leader>
   <datafield ind2=" " ind1=" " tag="042">
      <subfield code="a">dc</subfield>
   </datafield>
   <datafield ind2=" " ind1=" " tag="720">
      <subfield code="a">Cambra Obach, Maria</subfield>
      <subfield code="e">author</subfield>
   </datafield>
   <datafield ind2=" " ind1=" " tag="260">
      <subfield code="c">2016-04-26</subfield>
   </datafield>
   <datafield ind2=" " ind1=" " tag="520">
      <subfield code="a">En el següent projecte s’han estudiat diversos compostos formats a partir del monòmer EDOT (3,4-etiledioxitiofè) juntament amb l’adició d’un ceràmic, l’alúmina (Al2O3). L’estudi s’ha basat en els efectes morfològics i elèctrics d’aquest ceràmic en el polímer conductor PEDOT (poli-3,4-etiledioxitiofè).&#xd;
S’ha comprovat que realitzant la solució a pH àcid, es millora la suspensió de l’alúmina en aigua i d’aquesta manera s’ha verificat el caràcter amfòter que aquesta presenta. Aquest fet permet obtenir les mateixes condicions en totes les síntesis ja que sinó l’alúmina tendeix a precipitar.&#xd;
S’han sintetitzat polímers monocapa i tricapa dels tres tipus de compostos PEDOT-Al2O3 (variant la concentració d’alúmina) a estudiar mitjançant la tècnica d’electrodeposició. D’aquesta manera, els sis casos a analitzar han estat els següents: polímer de PEDOT sense ceràmic monocapa i tricapa, PEDOT-Al2O3 (1:1) monocapa i tricapa, i PEDOT- Al2O3 (4:1) monocapa i tricapa.&#xd;
Per últim, s’han dut a terme les caracteritzacions d’aquests polímers amb les tècniques de ciclovoltamperometria (CV), càrrega i descàrrega galvanostàtica (CD), cronopotenciometria (CP), anàlisi SEM i termogravimetria (TGA).</subfield>
   </datafield>
   <datafield tag="653" ind2=" " ind1=" ">
      <subfield code="a">Àrees temàtiques de la UPC::Enginyeria química</subfield>
   </datafield>
   <datafield tag="653" ind2=" " ind1=" ">
      <subfield code="a">Conducting polymers</subfield>
   </datafield>
   <datafield tag="653" ind2=" " ind1=" ">
      <subfield code="a">Polímers conductors</subfield>
   </datafield>
   <datafield ind2="0" ind1="0" tag="245">
      <subfield code="a">Aplicacions de polímers conductors al desenvolupament de bateries de base orgànica</subfield>
   </datafield>
</record></metadata></record></GetRecord></OAI-PMH>